| 000 | 00578nam a2200181Ia 4500 | ||
|---|---|---|---|
| 001 | 1609 | ||
| 003 | GE_BSU | ||
| 008 | 181216s||||||||xx |||||||||||||| ||und|| | ||
| 040 | _cGE_BSU | ||
| 080 | _a669.841 | ||
| 245 | _aსამშენებლო ნორმები და წესები–"სეისმომედეგი მშენებლობა"(პნ 01.01–09). | ||
| 260 | _aთბ. | ||
| 260 | _c2009. | ||
| 300 | _a62გვ. | ||
| 541 | _h6 ლ. | ||
| 653 | _aსეისმომედეგი მშენებლობა. | ||
| 942 | _cBK | ||
| 999 |
_c35734 _d35734 |
||